"Dutch" Phrases - Statistics

General Stats
  • This quiz has been taken 508 times
    498 since last reset
  • The average score is 5 of 12
Answer Stats
Hint Answer % Correct
An outing in which everyone pays for their own expenses. Dutch treat
70%
A game with two jump ropes that rotate in opposite directions simultaneously. Double Dutch
68%
A heavy iron cooking pot with close fitting lid. Dutch oven
64%
Ghost ship Flying Dutchman
64%
Confidence gained by drinking alcoholic. Dutch courage
47%
Descendants of German settlers in the Northeastern US. Pennsylvania Dutch
41%
A tree condition characterized by yellowing of the foliage, defoliation and death. Dutch elm disease
34%
A farm building with a curved roof on a frame that has no walls. Dutch barn
23%
Term used to describe collectively tulips, hyacinths, daffodils and crocuses. Dutch bulb
18%
To be in trouble, out of favor or under suspicion. In dutch
10%
A cinematic tactic often used to portray psychological uneasiness. Dutch angle
7%
Style of architecture characterized by a gambrel roof with overhanging eaves. Dutch Colonial
5%
No matching quizzes found
Score Distribution
Percent of People with Each Score
Percentile by Number Answered
Your Score History
You have not taken this quiz since the last reset